| 000 | 00519nam a2200193Ia 4500 | ||
|---|---|---|---|
| 001 | 54859 | ||
| 008 | 120511n2007 ii |||gr||||Z||||||465 | ||
| 020 | _a9789350063330 | ||
| 082 | _a531.11 | ||
| 245 | 0 |
_aHydro Dynamics _cB.G Verma & K.P. Gupta _hTextual Documents |
|
| 250 | _a10th ed. | ||
| 260 |
_aGujrat _bPragati Prakashan _c2007 |
||
| 300 |
_a208pg: _c27cm. |
||
| 653 | _aHydro- Dynamics | ||
| 653 | _aG- Physics | ||
| 653 | _aDeptt- Mathematics | ||
| 700 |
_aVerma & Gupta ., _eB.G & K.P. . |
||
| 942 |
_2ddc _cBK |
||
| 999 |
_c54809 _d54809 |
||